| 000 | 01206cad a22002175a 4500 | ||
|---|---|---|---|
| 001 | L145165 | ||
| 008 | 080911s2008 xxkad f s 000 0 eng d | ||
| 035 | _a(Sirsi) u145165 | ||
| 041 | 0 | _aeng | |
| 050 | 0 | 4 | _a333.32 $2 22 |
| 110 | 2 |
_aInvestment Property Forum _92112 |
|
| 245 | 0 | 4 |
_aThe investment property forum consensus forecast survey of independent forecasts for UK property _bsummary report _h[electronic resource] |
| 260 |
_aLondon _bIPF _c2008 |
||
| 520 | _aThe consensus All Property total return forecast for 2008 has seen its largest cut ever, falling from -5.2% to -10.6%. Capital value growth forecasts have also been slashed from -10.2% to -15.7%, which means that more negative yield shifts are likely before the year end. Overall, the significant downward revisions in forecasts across all sectors in the three previous quarters are further reinforced this quarter. | ||
| 590 | _aKA NTK | ||
| 650 | 2 | 4 | _aIPF CONSENSUS FORECAST SURVEY |
| 651 | 4 |
_aUnited Kingdom _y |
|
| 690 | _aPROPERTY-COMMERCIAL PROPERTY-COMMERCIAL PROPERTY MARKET | ||
| 856 | 4 | 0 |
_uhttps://www.ipf.org.uk/membersarea/downloads/listings1.asp?pid=294 / _zView this item free of charge at www.ipf.org.uk... |
| 942 | _n0 | ||
| 999 |
_c108704 _d108704 |
||